000 00506nam a2200193Ia 4500
005 20250326142825.0
008 250326s9999 xx 000 0 und d
020 _a81-7049-055-3
037 _aTextbook
040 _aFMSL
_beng
_cFMSL
041 _aeng
_2eng
084 _aX:51 N2;2
_qFMSL
100 _aShanker R
_9737104
245 0 _aManaging distribution
_cShanker R
260 _aDelhi
_bDelhi, Manas
_c1992
300 _a219p
942 _cTB
_hX:51 N2;2
999 _c1296803
_d1296803